| 000 | 00397pab a2200157 454500 | ||
|---|---|---|---|
| 008 | 180718b2005 xxu||||| |||| 00| 0 eng d | ||
| 100 | _aBhattacharya, Pradip | ||
| 245 | _aWords for princes (review article) | ||
| 260 | _c2005 | ||
| 300 | _ap.73-77. | ||
| 362 | _aJan-Jun | ||
| 650 | _aGood governance | ||
| 650 | _aPublic administration | ||
| 773 | _aJournal of Human Values | ||
| 909 | _a65454 | ||
| 999 |
_c65454 _d65454 |
||